Eastern Utah Libraries Catalog: Duchesne, Heber, Roosevelt, & Vernal

InvestiGators : (Record no. 401828)

MARC details
000 -LEADER
fixed length control field 02040nam a2200433 i 4500
001 - CONTROL NUMBER
control field zcodcb b8608244
005 - DATE AND TIME OF LATEST TRANSACTION
control field 20251120133703.0
007 - PHYSICAL DESCRIPTION FIXED FIELD--GENERAL INFORMATION
fixed length control field t||
008 - FIXED-LENGTH DATA ELEMENTS--GENERAL INFORMATION
fixed length control field 240828s2024 nyua c 6 000 1 eng
010 ## - LIBRARY OF CONGRESS CONTROL NUMBER
LC control number 2023948765
020 ## - INTERNATIONAL STANDARD BOOK NUMBER
International Standard Book Number 9781250849908
Qualifying information hardcover
020 ## - INTERNATIONAL STANDARD BOOK NUMBER
International Standard Book Number 9781250360946
Qualifying information special edition
020 ## - INTERNATIONAL STANDARD BOOK NUMBER
International Standard Book Number 9781250360939
Qualifying information special edition
020 ## - INTERNATIONAL STANDARD BOOK NUMBER
International Standard Book Number 9781250360922
Qualifying information special edition
040 ## - CATALOGING SOURCE
Original cataloging agency DLC
Language of cataloging eng
Description conventions rda
Transcribing agency DLC
Modifying agency TnLvILS
042 ## - AUTHENTICATION CODE
Authentication code pcc
092 ## - LOCALLY ASSIGNED DEWEY CALL NUMBER (OCLC)
Classification number junior graphic
Item number Green
100 1# - MAIN ENTRY--PERSONAL NAME
Personal name Green, John Patrick,
Dates associated with a name 1975-
Relator term author.
Relator code aut.
9 (RLIN) 6434697
245 10 - TITLE STATEMENT
Title InvestiGators :
Remainder of title class action /
Statement of responsibility, etc by John Patrick Green
250 ## - EDITION STATEMENT
Edition statement First edition.
264 #1 - Production, Publication, Distribution, Manufacture, and Copyright Notice.
Place of production, publication, distribution, manufacture New York :
Name of producer, publisher, distributor, manufacturer First Second,
Date of production, publication, distribution, manufacture, or copyr 2024.
300 ## - PHYSICAL DESCRIPTION
Extent 200 pages :
Other physical details chiefly color illustrations ;
Dimensions 22 cm.
336 ## - Content Type
Content type term text
337 ## - Media type
Media type term unmediated
338 ## - Carrier type
Carrier type term volume
490 ## - SERIES STATEMENT
Series statement InvestiGators :
Volume number/sequential designation 8
520 ## - SUMMARY, ETC.
Summary, etc "The InvestiGators are back...to school?! Mango and Brash have always been a class act but can these alligator detectives convincingly go undercover as average middle-school students? Why has the super-spy organization S.U.I.T. been assigned protection detail for a small-town team mascot? Is it a coincidence that the school happens to be the same one that Agent Mango (just barely) graduated from? Is Mango's family in danger? Will Brash pass home economics? Is Friday still pizza day?"--Provided by publisher.
521 8# - TARGET AUDIENCE NOTE
Target audience note 07 to 10.
650 #0 - SUBJECT ADDED ENTRY--TOPICAL TERM
Topical term or geographic name as entry element Alligators
Form subdivision Comic books, strips, etc.
9 (RLIN) 6377950
650 #0 - SUBJECT ADDED ENTRY--TOPICAL TERM
Topical term or geographic name as entry element Private investigators
Form subdivision Comic books, strips, etc.
9 (RLIN) 5709965
650 #0 - SUBJECT ADDED ENTRY--TOPICAL TERM
Topical term or geographic name as entry element Criminal investigation
Form subdivision Comic books, strips, etc.
9 (RLIN) 6451162
650 #1 - SUBJECT ADDED ENTRY--TOPICAL TERM
Topical term or geographic name as entry element Alligators
Form subdivision Fiction.
9 (RLIN) 5732943
650 #1 - SUBJECT ADDED ENTRY--TOPICAL TERM
Topical term or geographic name as entry element Private investigators
Form subdivision Fiction.
9 (RLIN) 5674912
650 #1 - SUBJECT ADDED ENTRY--TOPICAL TERM
Topical term or geographic name as entry element Criminal investigation
Form subdivision Fiction.
9 (RLIN) 5709830
655 #7 - INDEX TERM--GENRE/FORM
Genre/form data or focus term Graphic novels.
Source of term clgft.
655 #7 - INDEX TERM--GENRE/FORM
Genre/form data or focus term Comics (Graphic works)
Source of term clgft.
9 (RLIN) 5689343
700 1# - ADDED ENTRY--PERSONAL NAME
Personal name Dzioba, Wes,
Relator term illustrator.
9 (RLIN) 6394173
942 ## - ADDED ENTRY ELEMENTS (KOHA)
Source of classification or shelving scheme Dewey Decimal Classification
Koha item type BOOK
Holdings
Withdrawn status Lost status Source of classification or shelving scheme Damaged status Not for loan Collection code Home library Current library Shelving location Date acquired Source of acquisition Serial Enumeration / chronology Total Checkouts Total Renewals Full call number Barcode Checked out Date last seen Date checked out Cost, replacement price Price effective from Koha item type
    Dewey Decimal Classification     Junior Graphic Novels Wasatch County Library Wasatch County Library First Floor 11/08/2024 Micromarketing #9 InvestiGators 17 10 J GN Green 34301002136853 03/09/2026 01/28/2026 01/28/2026 12.99 11/08/2024 BOOK
This project was made possible through a grant from the Institute of Museum and Library Service administered by the Utah State Library Division.

Wasatch County Library

  • 465 East 1200 South, Heber City, Utah 84032
  • Phone 435-654-1511 | Fax 435-654-6456

Hours

  • Monday - Friday 9:30 AM - 8:00 PM
  • Saturday 9:30 AM - 1:30 PM
  • Closed Sundays and Holidays